00685nam a22002057a 450000500170000000800410001702000180005804100080007608200150008410000190009924500270011825000090014526000620015430000100021636500160022694200070024299900190024965000220026895201890029020230603124708.0230329b |||||||| |||| 00| 0 eng d a9781543346916 aeng a616.07/KAU aKaushik, Madan aConceptual Pathology-1 a2022 aJalandharbS. Vikas and Company (Medical Publisher)c2022 a288P. b399.00crs. cCB c144277d144277 aPATHOLOGY9181743 00102ddc4070aSNCNbSNCNd2023-03-29eComplimentary copy by S. Vikas and Company (Medical Publisher)g399.00l10pSNCN-CB-26r2024-10-08 00:00:00s2024-10-01v399.00w2023-03-29yCB